| 000 | 00583nam a22001817a 4500 | ||
|---|---|---|---|
| 005 | 20251108164320.0 | ||
| 008 | 250721s1991 xx 000 0 ara d | ||
| 082 | 1 | 4 | _a418.1/يوس |
| 100 | 1 | _aالفيتوري، يوسف | |
| 245 | 1 | 0 | _aفي الإملاء العربي / |
| 264 | 1 |
_aطرابلس ( ليبيا ) : _bالدار الجماهيرية للنشر و التوزيع و الإعلان، _c1991. |
|
| 300 | _a123ص | ||
| 650 | 1 | 7 | _aاللغة العربية |
| 650 | 1 | 7 | _aالإملاء |
| 700 | 1 | _aصلاح الدين، محمد | |
| 942 |
_2ddc _cBK |
||
| 999 |
_c9106 _d9106 |
||